[Event "European Team-ch 2007 Femenino"]
[Site "Creta GRE"]
[Date "2007.10.29"]
[Round "2.14"]
[White "Johansson, Viktoria"]
[Black "Heinatz, Dr  Gundula"]
[Result "1-0"]
[WhiteElo "2203"]
[BlackElo "2193"]
[PlyCount "127"]
[EventDate "2007.10.28"]
[EventType "team"]
[EventRounds "9"]
[EventCountry "GRE"]
[Source "lmi"]
[SourceDate "2007.10.28"]
[WhiteTeam "Sweden"]
[BlackTeam "Switzerland"]
[WhiteTeamCountry "SWE"]
[BlackTeamCountry "SUI"]

1. d4 Nf6 2. c4 e6 3. Nc3 Bb4 4. e3 O-O 5. Bd3 d5 6. Nf3 c5 7. O-O Nc6 8. a3
Bxc3 9. bxc3 Qc7 10. Qc2 dxc4 11. Bxc4 e5 12. Bd3 Re8 13. e4 h6 14. Nxe5 Nxe5
15. dxe5 Ng4 16. h3 Nxe5 17. Be2 Qe7 18. f4 Nc6 19. Bf3 Be6 20. a4 Na5 21. Rb1
Rad8 22. Be2 c4 23. Bf3 Nb3 24. Qf2 b6 25. f5 Bc8 26. Bf4 Rd3 27. Qg3 Kh8 28.
Qe1 Qc5+ 29. Kh1 Qa5 30. f6 g5 31. Bc1 Qxc3 32. Qg3 Nxc1 33. Rbxc1 Qd4 34. Qc7
Be6 35. Be2 Rd2 36. Bf3 a5 37. Rb1 Rb2 38. Rbd1 Rd2 39. Rxd2 Qxd2 40. Rd1 Qb4
41. e5 Qc5 42. Rd8 Qf8 43. Rd6 Bf5 44. Qxc4 Rxe5 45. Rxb6 Qe8 46. Kh2 Re3 47.
Qd4 Qe5+ 48. Qxe5 Rxe5 49. Rb5 Rxb5 50. axb5 Bc8 51. b6 h5 52. b7 Bxb7 53. Bxb7
Kh7 54. Be4+ Kh6 55. Bc2 a4 56. Bxa4 Kg6 57. Kg3 Kxf6 58. h4 Kf5 59. Bc2+ Kf6
60. Bd3 gxh4+ 61. Kxh4 Kg7 62. Kxh5 Kf6 63. Bc4 Kg7 64. Kg5 1-0

[Event "European Team-ch 2007 Femenino"]
[Site "Creta GRE"]
[Date "2007.10.30"]
[Round "3.1"]
[White "Voiska, Margarita"]
[Black "Kosintseva, Tatiana"]
[Result "0-1"]
[WhiteElo "2294"]
[BlackElo "2492"]
[PlyCount "68"]
[EventDate "2007.10.28"]
[EventType "team"]
[EventRounds "9"]
[EventCountry "GRE"]
[Source "lmi"]
[SourceDate "2007.10.28"]
[WhiteTeam "Bulgaria"]
[BlackTeam "Russia"]
[WhiteTeamCountry "BUL"]
[BlackTeamCountry "RUS"]

1. c4 e6 2. Nf3 Nf6 3. g3 d5 4. cxd5 exd5 5. Bg2 Be7 6. Qa4+ c6 7. O-O O-O 8.
Nc3 b5 9. Qc2 d4 10. Nxb5 cxb5 11. Ng5 h6 12. Nxf7 Rxf7 13. Bxa8 Bh3 14. Bg2
Bxg2 15. Kxg2 Qd5+ 16. f3 Nc6 17. d3 Qe6 18. Rf2 Nd5 19. Qb3 Bb4 20. Kg1 Na5
21. Qd1 Ne3 22. Bxe3 dxe3 23. Rf1 Bd2 24. f4 Nc6 25. a4 b4 26. f5 Qd5 27. Rf4
Nd4 28. Rxd4 Qxd4 29. Qb3 Qg4 30. Rf1 Qxe2 31. f6 Qh5 32. Qe6 e2 33. Qe8+ Kh7
34. Qe4+ g6 0-1

[Event "European Team-ch 2007 Femenino"]
[Site "Creta GRE"]
[Date "2007.10.30"]
[Round "3.1"]
[White "Raeva, Elitsa"]
[Black "Kovalevskaya, Ekaterina"]
[Result "1/2-1/2"]
[WhiteElo "2242"]
[BlackElo "2448"]
[PlyCount "51"]
[EventDate "2007.10.28"]
[EventType "team"]
[EventRounds "9"]
[EventCountry "GRE"]
[Source "lmi"]
[SourceDate "2007.10.28"]
[WhiteTeam "Bulgaria"]
[BlackTeam "Russia"]
[WhiteTeamCountry "BUL"]
[BlackTeamCountry "RUS"]

1. d4 Nf6 2. Nf3 e6 3. Bg5 Be7 4. e3 d5 5. Bd3 O-O 6. O-O c5 7. c3 Nbd7 8. Nbd2
b6 9. Ne5 Bb7 10. Qf3 h6 11. Bf4 Nxe5 12. dxe5 Nd7 13. Qh5 Bg5 14. Nf3 Bxf4 15.
exf4 f5 16. exf6 Rxf6 17. Rfe1 Nf8 18. g3 Qe8 19. Qxe8 Rxe8 20. Ne5 Rd8 21.
Rad1 Rd6 22. Bf1 Ng6 23. Bh3 Ne7 24. Nc4 Rc6 25. Ne5 Rd6 26. Nc4 1/2-1/2

[Event "European Team-ch 2007 Femenino"]
[Site "Creta GRE"]
[Date "2007.10.30"]
[Round "3.2"]
[White "Collas, Silvia"]
[Black "Vajda, Szidonia"]
[Result "1/2-1/2"]
[WhiteElo "2408"]
[BlackElo "2407"]
[PlyCount "144"]
[EventDate "2007.10.28"]
[EventType "team"]
[EventRounds "9"]
[EventCountry "GRE"]
[Source "lmi"]
[SourceDate "2007.10.28"]
[WhiteTeam "France"]
[BlackTeam "Hungary"]
[WhiteTeamCountry "FRA"]
[BlackTeamCountry "HUN"]

1. c4 Nf6 2. Nc3 c5 3. g3 e6 4. Nf3 b6 5. Bg2 Bb7 6. O-O Be7 7. Re1 d5 8. cxd5
Nxd5 9. d4 Nxc3 10. bxc3 O-O 11. e4 cxd4 12. cxd4 Nc6 13. Bb2 Bf6 14. Rc1 Rc8
15. e5 Be7 16. Nd2 Qd7 17. d5 exd5 18. Qh5 Nd8 19. Rxc8 Qxc8 20. Rc1 Bc5 21.
Nb3 Ne6 22. Nxc5 bxc5 23. f4 d4 24. Qe2 Bxg2 25. Qxg2 Rd8 26. f5 Nf8 27. Qf2 d3
28. Bc3 c4 29. h4 Qa6 30. Qd2 Qh6 31. Qxh6 gxh6 32. Bd2 Rc8 33. Kf2 Nd7 34. Bc3
Rc5 35. Re1 Rd5 36. Ke3 d2 37. Bxd2 Nxe5 38. Rb1 Nc6 39. Be1 Rxf5 40. Rb7 Re5+
41. Kf2 Kf8 42. Rc7 Re6 43. Bc3 h5 44. Rd7 Ne5 45. Bxe5 Rxe5 46. Rxa7 Rc5 47.
Ke2 c3 48. Kd1 c2+ 49. Kc1 Rc3 50. Ra5 Kg7 51. Rg5+ Kh6 52. Rf5 Rxg3 53. Rxf7
Ra3 54. Kxc2 Rxa2+ 55. Kd3 Ra4 56. Rf6+ Kg7 57. Rf5 Rxh4 58. Ke3 Kg6 59. Ra5
Rg4 60. Kf3 h6 61. Rb5 Rg1 62. Kf2 Rg5 63. Rb6+ Kf5 64. Rxh6 Kg4 65. Kg2 Ra5
66. Rg6+ Kh4 67. Kh2 Ra2+ 68. Rg2 Ra3 69. Rb2 Rh3+ 70. Kg2 Rg3+ 71. Kh2 Rh3+
72. Kg2 Rg3+ 1/2-1/2

[Event "European Team-ch 2007 Femenino"]
[Site "Creta GRE"]
[Date "2007.10.30"]
[Round "3.2"]
[White "Leconte, Maria"]
[Black "Gara, Anita"]
[Result "0-1"]
[WhiteElo "2364"]
[BlackElo "2315"]
[PlyCount "156"]
[EventDate "2007.10.28"]
[EventType "team"]
[EventRounds "9"]
[EventCountry "GRE"]
[Source "lmi"]
[SourceDate "2007.10.28"]
[WhiteTeam "France"]
[BlackTeam "Hungary"]
[WhiteTeamCountry "FRA"]
[BlackTeamCountry "HUN"]

1. e4 c5 2. Nf3 Nf6 3. e5 Nd5 4. d4 cxd4 5. c3 Nc6 6. cxd4 d6 7. Bc4 Nb6 8. Bb5
dxe5 9. Nxe5 Bd7 10. Nxd7 Qxd7 11. Nc3 e6 12. Qg4 Rd8 13. Be3 a6 14. Bxc6 Qxc6
15. O-O h5 16. Qe2 Qc4 17. Qf3 Nd5 18. Rac1 Be7 19. b3 Qb4 20. Nxd5 Rxd5 21.
Rc8+ Bd8 22. Rc5 Rxc5 23. dxc5 O-O 24. Qxh5 Bf6 25. Rd1 Qe4 26. h3 Rd8 27.
Rxd8+ Bxd8 28. Qd1 Bc7 29. Kf1 g6 30. Qd2 Be5 31. f3 Qb1+ 32. Kf2 Qa1 33. f4
Bc3 34. Qe2 Bf6 35. Kf3 e5 36. fxe5 Qxe5 37. Qd3 Bh4 38. Qd6 Qf5+ 39. Ke2 Qe4
40. Qb8+ Kg7 41. g4 Bg5 42. Qg3 Qc2+ 43. Ke1 Qb1+ 44. Kf2 Qxa2+ 45. Kf1 Qb1+
46. Kf2 Qb2+ 47. Kg1 Bf6 48. Qf3 Qc3 49. Kg2 Kg8 50. Bf2 Qb2 51. Qxb7 Bd4 52.
Qa8+ Kg7 53. Qf3 Bxc5 54. g5 Bd4 55. Qf4 Bxf2 56. Qxf2 Qxb3 57. Qf6+ Kh7 58.
Qxa6 Qd5+ 59. Kf2 Qxg5 60. Qd6 Qf5+ 61. Kg3 Kg7 62. Qd8 Qe5+ 63. Kg2 f5 64.
Qd7+ Kh6 65. Qd8 Qe4+ 66. Kf2 Qf4+ 67. Kg2 Qg5+ 68. Qxg5+ Kxg5 69. Kg3 f4+ 70.
Kf3 Kf5 71. h4 Ke5 72. Kg4 Ke4 73. Kg5 f3 74. Kxg6 f2 75. h5 f1=Q 76. h6 Qf8
77. Kh7 Ke5 78. Kg6 Qg8+ 0-1

[Event "European Team-ch 2007 Femenino"]
[Site "Creta GRE"]
[Date "2007.10.30"]
[Round "3.3"]
[White "Peng, Zhaoqin"]
[Black "Socko, Monika"]
[Result "1-0"]
[WhiteElo "2419"]
[BlackElo "2473"]
[PlyCount "125"]
[EventDate "2007.10.28"]
[EventType "team"]
[EventRounds "9"]
[EventCountry "GRE"]
[Source "lmi"]
[SourceDate "2007.10.28"]
[WhiteTeam "Netherlands"]
[BlackTeam "Poland"]
[WhiteTeamCountry "NED"]
[BlackTeamCountry "POL"]

1. d4 Nf6 2. c4 e6 3. Nf3 Bb4+ 4. Nbd2 b6 5. a3 Bxd2+ 6. Qxd2 Bb7 7. g3 O-O 8.
Bg2 d6 9. O-O Nbd7 10. b4 Rc8 11. Bb2 c5 12. dxc5 dxc5 13. Rfd1 Qe7 14. b5 Rfd8
15. Qc2 a5 16. bxa6 Bxa6 17. a4 Bb7 18. Qb3 e5 19. Nh4 Bxg2 20. Nxg2 Qe6 21.
Ne3 h5 22. Nd5 Nxd5 23. Rxd5 Nf6 24. Rxe5 Qg4 25. f3 Qg6 26. Rd1 h4 27. Kf2 Qh6
28. Kg2 Re8 29. Qd3 Rxe5 30. Bxe5 Re8 31. Bf4 Qh5 32. Rb1 g5 33. Bc7 Re6 34.
Rxb6 Rxb6 35. Bxb6 hxg3 36. hxg3 g4 37. Bc7 Qh3+ 38. Kg1 gxf3 39. exf3 Qe6 40.
Kf2 Qh3 41. Kg1 Qe6 42. Kg2 Kg7 43. Ba5 Nd7 44. Bc3+ f6 45. a5 Ne5 46. Qd5 Qf5
47. Bxe5 fxe5 48. g4 Qc2+ 49. Kg3 Qc3 50. Qe4 Qa1 51. g5 Qxa5 52. Qxe5+ Kg6 53.
Qf6+ Kh7 54. Qe7+ Kg6 55. Kg4 Qa2 56. Qd6+ Kg7 57. Qe5+ Kg6 58. Qe8+ Kg7 59.
Qe5+ Kg6 60. Qe6+ Kg7 61. Kf5 Qb1+ 62. Qe4 Qb3 63. g6 1-0

[Event "European Team-ch 2007 Femenino"]
[Site "Creta GRE"]
[Date "2007.10.30"]
[Round "3.3"]
[White "Rajlich, Iweta"]
[Black "Bosboom-Lanchava, Tea"]
[Result "1-0"]
[WhiteElo "2411"]
[BlackElo "2379"]
[PlyCount "43"]
[EventDate "2007.10.28"]
[EventType "team"]
[EventRounds "9"]
[EventCountry "GRE"]
[Source "lmi"]
[SourceDate "2007.10.28"]
[WhiteTeam "Poland"]
[BlackTeam "Netherlands"]
[WhiteTeamCountry "POL"]
[BlackTeamCountry "NED"]

1. d4 f5 2. Bg5 h6 3. Bh4 g5 4. Bg3 Nf6 5. e3 d6 6. h4 Rg8 7. hxg5 hxg5 8. Be2
Be6 9. c4 Bf7 10. Nc3 Nc6 11. d5 Ne5 12. Bxe5 dxe5 13. Nf3 Ng4 14. Qb3 Qc8 15.
c5 Bg7 16. Nxg5 Bf6 17. Nxf7 Kxf7 18. d6+ Kg7 19. Bxg4 fxg4 20. dxc7 Qxc7 21.
O-O-O Qxc5 22. Rh7+ 1-0

[Event "European Team-ch 2007 Femenino"]
[Site "Creta GRE"]
[Date "2007.10.30"]
[Round "3.3"]
[White "Schuurman, Petra"]
[Black "Zawadzka, Jolanta"]
[Result "1/2-1/2"]
[WhiteElo "2281"]
[BlackElo "2371"]
[PlyCount "153"]
[EventDate "2007.10.28"]
[EventType "team"]
[EventRounds "9"]
[EventCountry "GRE"]
[Source "lmi"]
[SourceDate "2007.10.28"]
[WhiteTeam "Netherlands"]
[BlackTeam "Poland"]
[WhiteTeamCountry "NED"]
[BlackTeamCountry "POL"]

1. d4 Nf6 2. c4 g6 3. Nc3 Bg7 4. e4 d6 5. Nf3 O-O 6. Be2 e5 7. d5 a5 8. Bg5 h6
9. Bh4 Na6 10. Nd2 g5 11. Bg3 Nc5 12. O-O Bd7 13. b3 c6 14. a3 b5 15. b4 axb4
16. axb4 Na4 17. Nxa4 bxa4 18. b5 cxd5 19. cxd5 a3 20. Qb3 Qa5 21. Ra2 Rfb8 22.
Rb1 Ne8 23. f3 Bxb5 24. Bxb5 Nc7 25. Nc4 Qxb5 26. Qxb5 Nxb5 27. Nxa3 f5 28. Be1
g4 29. exf5 gxf3 30. gxf3 Nd4 31. Rxb8+ Rxb8 32. Nc4 Nxf5 33. Ra6 Rb1 34. Kf2
Bf6 35. Bd2 Bh4+ 36. Kg2 Be7 37. Ra7 Bf8 38. Kh3 h5 39. Bg5 Rb3 40. Nd2 Rd3 41.
Ne4 Bg7 42. Kg2 Rxd5 43. Bf6 Bh6 44. Rd7 Kf8 45. Bh8 Bf4 46. Nf6 Rd2+ 47. Kf1
Ne7 48. Nxh5 Ke8 49. Nf6+ Kf7 50. Ne4 Ke6 51. Rxe7+ Kxe7 52. Nxd2 Bxd2 53. Ke2
Bf4 54. h3 Bh6 55. Kd3 Ke6 56. Ke4 Bf4 57. Bg7 d5+ 58. Kd3 Kf7 59. Bh8 Kg6 60.
Ke2 Bg3 61. Kd3 Kg5 62. Ke2 Kh4 63. Bf6+ Kxh3 64. Be7 Kg2 65. Bf6 Bf4 66. Be7
d4 67. Bf6 Kg3 68. Bg7 Kh4 69. Bf6+ Kh5 70. Kd3 Kg6 71. Bh4 Bh6 72. Ke4 Bg7 73.
Bg3 Kf7 74. f4 exf4 75. Bxf4 Ke6 76. Kd3 Kd5 77. Bg3 1/2-1/2

[Event "European Team-ch 2007 Femenino"]
[Site "Creta GRE"]
[Date "2007.10.30"]
[Round "3.3"]
[White "Przezdziecka, Marta"]
[Black "Bensdorp, Marlies"]
[Result "1-0"]
[WhiteElo "2259"]
[BlackElo "2263"]
[PlyCount "113"]
[EventDate "2007.10.28"]
[EventType "team"]
[EventRounds "9"]
[EventCountry "GRE"]
[Source "lmi"]
[SourceDate "2007.10.28"]
[WhiteTeam "Poland"]
[BlackTeam "Netherlands"]
[WhiteTeamCountry "POL"]
[BlackTeamCountry "NED"]

1. d4 d5 2. Nf3 c6 3. c4 Nf6 4. Qc2 e6 5. Bg5 Qa5+ 6. Bd2 Qc7 7. e3 Nbd7 8. Nc3
Bd6 9. Rc1 a6 10. e4 dxe4 11. Nxe4 Nxe4 12. Qxe4 Nf6 13. Qh4 c5 14. Bd3 h6 15.
O-O cxd4 16. c5 Be7 17. Qxd4 O-O 18. Bf4 Qa5 19. Qc4 Bd7 20. b4 Qa4 21. Bc2 Qa3
22. Qb3 Qxb3 23. Bxb3 Bb5 24. Rfd1 Rfd8 25. Bc7 Rxd1+ 26. Rxd1 Rc8 27. Bd6 Kf8
28. Ne5 Ne4 29. Bxe7+ Kxe7 30. f3 Nc3 31. Rd2 a5 32. a3 Nb1 33. Rd6 Nxa3 34.
Rb6 Rc7 35. bxa5 Kf6 36. Ng4+ Ke7 37. Ne5 h5 38. f4 Kf6 39. Kf2 Kf5 40. Nxf7
Bc6 41. Nd8 Be4 42. Nxe6 Rd7 43. Rd6 Re7 44. g3 Nb5 45. Nd4+ Nxd4 46. Rxd4 Rc7
47. Bd5 Bc2 48. Rc4 Bd3 49. Rc3 Ba6 50. c6 bxc6 51. Rxc6 Ra7 52. Rc5 Kf6 53.
Ke3 Bf1 54. Be4 h4 55. g4 Ke7 56. f5 Rd7 57. g5 1-0

[Event "European Team-ch 2007 Femenino"]
[Site "Creta GRE"]
[Date "2007.10.30"]
[Round "3.4"]
[White "Chelushkina, Irina"]
[Black "Krivec, Jana"]
[Result "1/2-1/2"]
[WhiteElo "2351"]
[BlackElo "2315"]
[PlyCount "168"]
[EventDate "2007.10.28"]
[EventType "team"]
[EventRounds "9"]
[EventCountry "GRE"]
[Source "lmi"]
[SourceDate "2007.10.28"]
[WhiteTeam "SRB"]
[BlackTeam "Slovenija"]
[BlackTeamCountry "SLO"]

1. g3 Nf6 2. Bg2 d5 3. Nf3 g6 4. O-O Bg7 5. c4 c6 6. Na3 O-O 7. d3 Nbd7 8. cxd5
cxd5 9. Bd2 a6 10. Rc1 e5 11. Qc2 Qe7 12. e4 dxe4 13. dxe4 b6 14. Qc4 a5 15.
Rfd1 Nc5 16. Be3 Nfxe4 17. Qb5 Rb8 18. Nd2 Ba6 19. Qc6 Rfc8 20. Qd5 Rd8 21. Qc6
Rd6 22. Bxc5 Nxc5 23. Qf3 Rd3 24. Qc6 Rd6 25. Qf3 e4 26. Nxe4 Nxe4 27. Qxe4
Qxe4 28. Bxe4 Rxd1+ 29. Rxd1 Bxb2 30. Nc2 Bc4 31. Ne3 Be6 32. a4 b5 33. axb5
Rxb5 34. Rd8+ Kg7 35. Nd5 Bh3 36. Nf4 Bf5 37. Bxf5 Rxf5 38. Ra8 Bd4 39. h4 Rb5
40. Ne2 Bf6 41. Kg2 Rb2 42. Kf3 Ra2 43. h5 gxh5 44. Nf4 Bd4 45. Nxh5+ Kh6 46.
Kg4 Rxf2 47. Ra6+ f6 48. Nf4 Ra2 49. Nd5 Kg7 50. Ne7 Be5 51. Nf5+ Kf7 52. Kf3
h5 53. Ke4 Ra4+ 54. Kd5 Kg6 55. Ke6 Re4 56. Ne7+ Kg5 57. Rxa5 Kg4 58. Kf7 Kxg3
59. Ra3+ Kg2 60. Ra2+ Kg1 61. Nf5 h4 62. Ra3 Rf4 63. Ke6 Kg2 64. Ra2+ Kg1 65.
Ra3 Rb4 66. Rd3 Kg2 67. Ne3+ Kf2 68. Nf5 Rb6+ 69. Kf7 Bg3 70. Kg6 Re6 71. Rd2+
Ke1 72. Rd3 Bf2 73. Rh3 Re4 74. Rh1+ Ke2 75. Kxf6 Kf3 76. Nxh4+ Bxh4+ 77. Kf5
Rf4+ 78. Ke5 Bf6+ 79. Ke6 Bd4 80. Kd5 Bf2 81. Rh3+ Kg4 82. Rh7 Bh4 83. Rc7 Kf5
84. Rc4 Rxc4 1/2-1/2

[Event "European Team-ch 2007 Femenino"]
[Site "Creta GRE"]
[Date "2007.10.30"]
[Round "3.4"]
[White "Srebrnic, Ana"]
[Black "Benderac, Ana"]
[Result "1-0"]
[WhiteElo "2278"]
[BlackElo "2328"]
[PlyCount "51"]
[EventDate "2007.10.28"]
[EventType "team"]
[EventRounds "9"]
[EventCountry "GRE"]
[Source "lmi"]
[SourceDate "2007.10.28"]
[WhiteTeam "Slovenija"]
[BlackTeam "SRB"]
[WhiteTeamCountry "SLO"]

1. Nf3 Nf6 2. c4 e6 3. Nc3 b6 4. e4 Bb7 5. Bd3 d5 6. cxd5 exd5 7. e5 Nfd7 8.
O-O Nc5 9. Bb5+ c6 10. d4 cxb5 11. dxc5 bxc5 12. Nxb5 Bc6 13. Bg5 Be7 14. Nd6+
Kf8 15. Bxe7+ Qxe7 16. Qc1 Nd7 17. Nf5 Qe6 18. Qg5 Rg8 19. Qf4 h6 20. h4 g5 21.
hxg5 hxg5 22. Nxg5 Qg6 23. e6 Qxg5 24. e7+ Ke8 25. Nd6+ Kxe7 26. Rfe1+ 1-0

[Event "European Team-ch 2007 Femenino"]
[Site "Creta GRE"]
[Date "2007.10.30"]
[Round "3.5"]
[White "Peptan, Corina-Isabela"]
[Black "Cmilyte, Viktorija"]
[Result "1/2-1/2"]
[WhiteElo "2405"]
[BlackElo "2464"]
[PlyCount "137"]
[EventDate "2007.10.28"]
[EventType "team"]
[EventRounds "9"]
[EventCountry "GRE"]
[Source "lmi"]
[SourceDate "2007.10.28"]
[WhiteTeam "Romania"]
[BlackTeam "Lithuania"]
[WhiteTeamCountry "ROM"]
[BlackTeamCountry "LTU"]

1. e4 c5 2. Nf3 Nc6 3. Bb5 e6 4. Bxc6 bxc6 5. d3 Ne7 6. Qe2 Qc7 7. e5 Nf5 8.
Nbd2 Nd4 9. Nxd4 cxd4 10. Qe4 Bb7 11. Qxd4 c5 12. Qc3 Bxg2 13. Rg1 Bd5 14. Nc4
Bxc4 15. dxc4 Rb8 16. b3 g6 17. Bf4 Bg7 18. O-O-O f6 19. Rd6 O-O 20. Rgd1 Rbd8
21. exf6 Rxf6 22. Be5 Rf3 23. Qxf3 Bxe5 24. R6d3 Bxh2 25. Qh3 Bf4+ 26. Kb1 Qe5
27. Qh1 d6 28. Re1 Qf6 29. Qe4 Be5 30. Rf3 Qg7 31. Rh3 Rf8 32. Reh1 h5 33. Qe3
Rf5 34. Rg1 Kh7 35. c3 Qf7 36. Rg2 a5 37. Kc2 Rf4 38. Rhg3 Qf5+ 39. Kb2 Re4 40.
Qd3 Bxg3 41. fxg3 Qe5 42. Qf3 Re3 43. Qf7+ Qg7 44. Qxg7+ Kxg7 45. Ka3 Rxc3 46.
Ka4 Kf6 47. Kxa5 g5 48. Kb5 Kf5 49. Kc6 Rd3 50. a4 Rxb3 51. Kxd6 Ra3 52. Kxc5
Rxa4 53. Kd4 h4 54. gxh4 gxh4 55. Rf2+ Kg4 56. Re2 Ra1 57. Rxe6 Rd1+ 58. Kc5 h3
59. Rh6 Rd2 60. Kb6 Rb2+ 61. Kc6 Ra2 62. Kb6 Rb2+ 63. Kc6 h2 64. c5 Kg3 65. Kc7
Rb4 66. Rxh2 Kxh2 67. c6 Kg3 68. Kd7 Rd4+ 69. Ke7 1/2-1/2

[Event "European Team-ch 2007 Femenino"]
[Site "Creta GRE"]
[Date "2007.10.30"]
[Round "3.5"]
[White "Daulyte, Deimante"]
[Black "Voicu, Carmen"]
[Result "0-1"]
[WhiteElo "2222"]
[BlackElo "2333"]
[PlyCount "54"]
[EventDate "2007.10.28"]
[EventType "team"]
[EventRounds "9"]
[EventCountry "GRE"]
[Source "lmi"]
[SourceDate "2007.10.28"]
[WhiteTeam "Lithuania"]
[BlackTeam "Romania"]
[WhiteTeamCountry "LTU"]
[BlackTeamCountry "ROM"]

1. e4 c5 2. Nf3 e6 3. d4 cxd4 4. Nxd4 Nf6 5. Nc3 d6 6. g4 h6 7. h3 a6 8. Bg2
Nc6 9. Be3 Ne5 10. Qe2 g5 11. Nf3 Bd7 12. Nxe5 dxe5 13. h4 gxh4 14. f4 h5 15.
Bf3 hxg4 16. Bxg4 Bb4 17. Bd2 Bb5 18. Qf3 Bxc3 19. Bxc3 Rg8 20. Rg1 Bc6 21.
fxe5 Nxe4 22. Rf1 Qe7 23. Bh5 O-O-O 24. Ba5 Rg3 25. Qe2 Rd7 26. Bf3 Qc5 27. c3
Rd2 0-1

[Event "European Team-ch 2007 Femenino"]
[Site "Creta GRE"]
[Date "2007.10.30"]
[Round "3.5"]
[White "Motoc, Alina"]
[Black "Zaksaite, Salomeja"]
[Result "1/2-1/2"]
[WhiteElo "2300"]
[BlackElo "2228"]
[PlyCount "119"]
[EventDate "2007.10.28"]
[EventType "team"]
[EventRounds "9"]
[EventCountry "GRE"]
[Source "lmi"]
[SourceDate "2007.10.28"]
[WhiteTeam "Romania"]
[BlackTeam "Lithuania"]
[WhiteTeamCountry "ROM"]
[BlackTeamCountry "LTU"]

1. d4 Nf6 2. c4 g6 3. Nc3 d5 4. Bg5 Ne4 5. Bh4 Nxc3 6. bxc3 dxc4 7. e3 Be6 8.
Qb1 b6 9. Nf3 Bg7 10. Ng5 Bd5 11. e4 h6 12. Nf3 Be6 13. Qb4 c5 14. Qb5+ Nd7 15.
Bxc4 a6 16. Qb3 Bxc4 17. Qxc4 b5 18. Qe2 cxd4 19. cxd4 Qa5+ 20. Kf1 g5 21. Bg3
O-O 22. h4 g4 23. Nd2 h5 24. f3 Rac8 25. Nb3 Qc3 26. Bf4 Bxd4 27. Rd1 e5 28.
fxg4 exf4 29. Rxd4 Ne5 30. gxh5 Qxd4 31. Nxd4 Rc1+ 32. Kf2 Rxh1 33. Qd2 Rxh4
34. Nf3 Nxf3 35. Kxf3 Rxh5 36. Qd6 a5 37. Kg4 Rh2 38. Qd2 Re8 39. Kxf4 a4 40.
Qd7 Re6 41. Qxb5 Rxg2 42. Qxa4 Rgg6 43. Qa8+ Kg7 44. Qb8 Rh6 45. Qb2+ Kh7 46.
Qb7 Kg7 47. a4 Rh5 48. Qb2+ Kh7 49. Qb4 Rhh6 50. Qf8 Rhf6+ 51. Ke3 Rf5 52. a5
Rff6 53. Qc5 Kg7 54. Qc3 Kf8 55. Qc8+ Kg7 56. Qc3 Kf8 57. Qb2 Kg7 58. e5 Rg6
59. Kf4 Rh6 60. Qg2+ 1/2-1/2

[Event "European Team-ch 2007 Femenino"]
[Site "Creta GRE"]
[Date "2007.10.30"]
[Round "3.5"]
[White "Batyte, Daiva"]
[Black "Paulet, Iozefina"]
[Result "1-0"]
[WhiteElo "2198"]
[BlackElo "2276"]
[PlyCount "119"]
[EventDate "2007.10.28"]
[EventType "team"]
[EventRounds "9"]
[EventCountry "GRE"]
[Source "lmi"]
[SourceDate "2007.10.28"]
[WhiteTeam "Lithuania"]
[BlackTeam "Romania"]
[WhiteTeamCountry "LTU"]
[BlackTeamCountry "ROM"]

1. Nf3 e6 2. c4 Nf6 3. Nc3 b6 4. e4 d6 5. d4 c5 6. Bd3 cxd4 7. Nxd4 Bb7 8. O-O
Be7 9. f4 O-O 10. Be3 Nbd7 11. Qf3 Rc8 12. Rad1 Qc7 13. Qh3 Nc5 14. Ndb5 Qb8
15. Bxc5 Rxc5 16. e5 dxe5 17. fxe5 Rxe5 18. Rxf6 g6 19. Rff1 Bc5+ 20. Rf2 a6
21. Na3 Re3 22. Qh4 Rd8 23. Bf1 Rxd1 24. Nxd1 Re1 25. Nc3 Qe5 26. Na4 Bxf2+ 27.
Qxf2 Re4 28. Qxb6 Rf4 29. Qd8+ Kg7 30. Qd2 Bc6 31. Qc3 Qd4+ 32. Qxd4+ Rxd4 33.
Nc3 Rd2 34. b4 e5 35. b5 axb5 36. cxb5 Bb7 37. Nab1 Rb2 38. a4 f5 39. a5 Kf6
40. b6 e4 41. Na3 Rb3 42. Nab5 Ke5 43. Na4 e3 44. Nbc3 Bc6 45. a6 Kd6 46. h4
Ra3 47. Nb5+ Bxb5 48. Bxb5 Ra1+ 49. Kh2 Rxa4 50. a7 e2 51. Bxe2 Kc6 52. Bf3+
Kxb6 53. a8=Q Rxa8 54. Bxa8 Kc5 55. Kg3 Kd6 56. Kf4 Ke7 57. Kg5 Kf7 58. Kh6 Kg8
59. Bc6 f4 60. Be8 1-0

[Event "European Team-ch 2007 Femenino"]
[Site "Creta GRE"]
[Date "2007.10.30"]
[Round "3.6"]
[White "Klinova, Masha"]
[Black "Lahno, Kateryna"]
[Result "1/2-1/2"]
[WhiteElo "2326"]
[BlackElo "2459"]
[PlyCount "32"]
[EventDate "2007.10.28"]
[EventType "team"]
[EventRounds "9"]
[EventCountry "GRE"]
[Source "lmi"]
[SourceDate "2007.10.28"]
[WhiteTeam "Israel"]
[BlackTeam "Ukraine"]
[WhiteTeamCountry "ISR"]
[BlackTeamCountry "UKR"]

1. e4 e5 2. Nf3 Nf6 3. Nxe5 d6 4. Nf3 Nxe4 5. Qe2 Qe7 6. d3 Nf6 7. Bg5 Qxe2+ 8.
Bxe2 Be7 9. Nc3 Nc6 10. O-O-O h6 11. Bh4 Be6 12. h3 O-O-O 13. d4 Nd5 14. Nxd5
Bxd5 15. Bxe7 Nxe7 16. Rhe1 Rhe8 1/2-1/2

[Event "European Team-ch 2007 Femenino"]
[Site "Creta GRE"]
[Date "2007.10.30"]
[Round "3.6"]
[White "Vasiliev, Olga"]
[Black "Gaponenko, Inna"]
[Result "0-1"]
[WhiteElo "2214"]
[BlackElo "2440"]
[PlyCount "128"]
[EventDate "2007.10.28"]
[EventType "team"]
[EventRounds "9"]
[EventCountry "GRE"]
[Source "lmi"]
[SourceDate "2007.10.28"]
[WhiteTeam "Israel"]
[BlackTeam "Ukraine"]
[WhiteTeamCountry "ISR"]
[BlackTeamCountry "UKR"]

1. e4 c5 2. Nf3 Nc6 3. d4 cxd4 4. Nxd4 Nf6 5. Nc3 d6 6. f4 g6 7. Nf3 Bg7 8. Bd3
O-O 9. O-O Bg4 10. Qe1 Rc8 11. Kh1 Bxf3 12. Rxf3 e6 13. a3 Nd7 14. Ne2 Nc5 15.
c3 d5 16. e5 f5 17. exf6 Nxd3 18. Rxd3 Qxf6 19. Be3 Rce8 20. Qd2 e5 21. Rxd5
exf4 22. Bd4 Qf7 23. Bxg7 f3 24. Ng3 fxg2+ 25. Kxg2 Qxg7 26. Rd7 Re7 27. Rxe7
Nxe7 28. Re1 Qf7 29. Rf1 Qd5+ 30. Qxd5+ Nxd5 31. Rxf8+ Kxf8 32. Kf3 Ke7 33. Ne4
h6 34. c4 Nb6 35. b3 Nd7 36. Nc3 Ke6 37. Nb5 a6 38. Nd4+ Ke5 39. Ke3 g5 40. h3
Nc5 41. Nf3+ Kf5 42. Nd4+ Kf6 43. b4 Ne6 44. Nb3 Ke5 45. Na5 Nd8 46. Nb3 Ne6
47. Na5 b6 48. Nc6+ Kd6 49. Nd4 Nxd4 50. Kxd4 h5 51. Ke4 Ke6 52. Kd4 g4 53.
hxg4 hxg4 54. Ke4 g3 55. Kf3 Ke5 56. b5 axb5 57. cxb5 Kd4 58. Kxg3 Kc4 59. Kf4
Kb3 60. Ke5 Kxa3 61. Kd4 Kb4 62. Kd3 Kxb5 63. Kc3 Ka4 64. Kb2 Kb4 0-1

[Event "European Team-ch 2007 Femenino"]
[Site "Creta GRE"]
[Date "2007.10.30"]
[Round "3.6"]
[White "Vasilevich, Tatjana"]
[Black "Atnilov, Bela"]
[Result "1-0"]
[WhiteElo "2368"]
[BlackElo "2170"]
[PlyCount "93"]
[EventDate "2007.10.28"]
[EventType "team"]
[EventRounds "9"]
[EventCountry "GRE"]
[Source "lmi"]
[SourceDate "2007.10.28"]
[WhiteTeam "Ukraine"]
[BlackTeam "Israel"]
[WhiteTeamCountry "UKR"]
[BlackTeamCountry "ISR"]

1. d4 d5 2. c4 c6 3. Nf3 Nf6 4. e3 Bf5 5. Nc3 e6 6. Nh4 Bg6 7. Nxg6 hxg6 8. Bd2
Nbd7 9. Rc1 Be7 10. g3 dxc4 11. Bxc4 Nb6 12. Bb3 Nbd5 13. Qf3 Nxc3 14. bxc3 Qa5
15. e4 e5 16. Qe2 O-O 17. O-O exd4 18. cxd4 Qh5 19. Qxh5 gxh5 20. e5 Ne4 21.
Be3 Bb4 22. Rc2 Nc3 23. Bd2 Ne2+ 24. Kg2 Bxd2 25. Rxd2 Nc3 26. Rc1 Ne4 27. Re2
Ng5 28. d5 cxd5 29. Bxd5 Rab8 30. Rc7 Ne6 31. Rxb7 Rxb7 32. Bxb7 Rb8 33. Bd5
Kf8 34. f4 Ke7 35. Rc2 Rb5 36. Bb3 g5 37. f5 Nd4 38. f6+ Ke8 39. Ba4 Nxc2 40.
Bxb5+ Kd8 41. Kf2 Nd4 42. Bc4 Ke8 43. Ke3 Nc2+ 44. Ke4 Ne1 45. Be2 Kd7 46. Bxh5
Ke8 47. e6 1-0